000
00343nam a2200145Ia 4500
003
OSt
005
20240110125756.0
008
170524s9999 xx 000 0 und d
020
_a
9788179650677
040
_c
IIMT UNIVERSITY
100
_a
SHARMA - ARJUN
245
0
_a
VYAVHARIK PATRAKARITA
260
_b
N DELHI TAKSHSHILA
942
_2
ddc
_c
01
999
_c
9282
_d
9282